00616nam a2200205Ia 4500003000900000008004100009040001600050080001700066100002700083245004800110250001200158260005400170300001000224650001100234650001900245700003000264942000700294999001500301952009400316IN-BaIIA211028s9999 xx 000 0 eng d cIIA Library a12:56.0bSTE aStever, Guyford915084 0aFlightcGuyford Stever and James J Haggerty a2nd ed. aHong Kong, Time Life BooksbTime-Life Booksc1985 a200p. aFlight aNASA Thesaurus aHaggerty, James J.914083 cBK c8976d8976 00104070aBANbBANcGENd1987-02-17l0o03:656.7/ STEp9863r2021-11-05w1987-02-17yBK